| 000 | 02699nam0a2200445 4500 | ||
|---|---|---|---|
| 001 | RU\NLR\bibl\2052009 | ||
| 005 | 20260406005229.0 | ||
| 010 |
_a978-5-261-00773-9 _9100 |
||
| 021 |
_aRU _b2013-46835 _93253 |
||
| 035 | _a(nilc)LIBNET\0000357582 | ||
| 035 | _aRU/Архангельская ОНБ/CLAR/65.281-21я73/Б 447-77930774 | ||
| 035 | _a(NLR Aleph) 002039016 | ||
| 090 |
_a4586926 _c4586926 |
||
| 100 | _a20130705d2013 |||y0rusy50 ca | ||
| 101 | 0 | _arus | |
| 102 | _aRU | ||
| 105 | _aa ||||||||| | ||
| 200 | 1 |
_aЗемельные ресурсы Архангельской области _eучебное пособие _fВ. В. Беляев _gМ-во образования и науки Рос. Федерации, Федер. гос. автоном. образоват. учреждение высш. проф. образования "Сев. (Аркт.) федер. ун-т им. М. В. Ломоносова" |
|
| 210 |
_aАрхангельск _cИПЦ САФУ _d2013 |
||
| 215 |
_a136, [1] с. _cил. _d20 |
||
| 320 | _aБиблиогр.: с. 136-137 (18 назв.) | ||
| 606 | 1 |
_aЗемельные ресурсы _xУправление _yАрхангельская область _jУчебные издания для высших учебных заведений _2uaf_libnet _3LIBNET\UAF\0000020312 |
|
| 606 | 1 |
_aЗемельный кадастр _yАрхангельская область _jУчебные издания для высших учебных заведений _2uaf_libnet _3LIBNET\UAF\0000020313 |
|
| 606 | 1 |
_aЗемельные ресурсы _jУчебные издания для высших учебных заведений _yАрхангельская область _92152884 _3RU\NLR\auth\661601079 |
|
| 606 | 1 |
_aЗемельный кадастр _jУчебные издания для высших учебных заведений _yАрхангельская область _92152880 _3RU\NLR\auth\661601078 |
|
| 610 | 1 | _aприродные условия | |
| 610 | 1 |
_aземельный фонд _aраспределение |
|
| 686 |
_a65.281-21я73 _vLBC/PL _2rubbk |
||
| 686 |
_a06.71.63 _2rugasnti |
||
| 686 | _aУ32(2)-51(2Р-4Арх)я73 | ||
| 686 | _aУ44(2)1-51(2Р-4Арх)я73 | ||
| 686 | _aУ32(2)-517(2Р-4Арх)я73 | ||
| 700 | 1 |
_4070 _7ca _8rus _aБеляев _bВ. В. _cд-р с.-х. наук _gВладимир Васильевич _997647 _3RU\NLR\auth\77114722 |
|
| 801 | 0 |
_aRU _bАрхангельская ОНБ _c20130705 _gRCR |
|
| 801 | 1 |
_aRU _bАрхангельская ОНБ _c20130705 _gRCR |
|
| 801 | 2 |
_aRU _bNLR _c20130709 _grcr |
|
| 942 | _cBOOK | ||
| 980 | _aNBR | ||
| 980 | _aNB | ||